Personální strategie a styl řízení v hospodářské teorii a praxi

Saved in:
Bibliographic Details
Main Author: Stýblo, Jiří
Format: Book
Language:Czech
Published: Praha Economia 1991
Edition:1. vyd.
Subjects:
Tags: Add Tag
No Tags, Be the first to tag this record!

MARC

LEADER 00000nam a2200000 4500
001 c000284
005 20230217123915.6
020 |a 80-85378-11-6 
041 0 |a cze 
044 |a CZ 
245 1 0 |a Personální strategie a styl řízení v hospodářské teorii a praxi  |c Jiří Stýblo 
250 |a 1. vyd. 
264 1 |a Praha  |b Economia  |c 1991 
300 |a 91 s. 
610 2 0 |a práca personálna 
610 2 0 |a systémy riadenia 
610 2 0 |a reformy hospodárske 
610 2 0 |a teória riadenia 
610 2 0 |a stratégia hospodárska 
610 2 0 |a inovácia 
610 2 0 |a informatika 
610 2 0 |a výmena informácií 
610 2 0 |a štruktúra organizačná 
610 2 0 |a pracovníci vedúci 
610 2 0 |a motivácia pracovná 
100 1 |a Stýblo, Jiří